| 000 | 00494nam a2200193Ia 4500 | ||
|---|---|---|---|
| 001 | 20529 | ||
| 003 | IN-NITTTR | ||
| 005 | 20251114233235.0 | ||
| 008 | 251113s9999||||xx |||||||||||||| ||eng|| | ||
| 040 | _beng | ||
| 040 | _cIN-NITTTR | ||
| 041 | _aeng | ||
| 082 | _a006.66 E21C | ||
| 100 | _aEnderle, G. | ||
| 245 | 0 |
_aComputer graphics programming : _b GKS- the graphics standard / _cEnderle, G., Kansy, K., Pfaff, G. |
|
| 700 | _a Kansy, K. | ||
| 700 | _a Pfaff, G. | ||
| 942 |
_2ddc _cBK |
||
| 999 |
_c23159 _d23159 |
||